000 00298nam a22001217a 4500
008 171201b xxu||||| |||| 00| 0 eng d
041 _aeng
080 _a616.8
100 _a26
101 _aNEU
245 _aTHE STRUCTURE AND FUNCTIONS OF THE BRAIN AND SPINAL CORD
_cHORSLEY,V
942 _2udc
_cBK
999 _c38667
_d38667